Countries Top 20 Area, Population and DGP - Statistics

General Stats
  • This quiz has been taken 44 times
  • The average score is 7 of 7
Answer Stats
# Answer % Correct
4 Brazil
100%
1 China
100%
2 India
97%
5 Russia
97%
3 USA
97%
6 Mexico
89%
7 Indonesia
84%
No matching quizzes found
Score Distribution
Percent of People with Each Score
Percentile by Number Answered
Your Score History
You have not taken this quiz